| 000 | 01194nab a22002417a 4500 | ||
|---|---|---|---|
| 003 | OSt | ||
| 005 | 20250327071405.0 | ||
| 008 | 250326t2016 |||||||| |||| 00| 0 eng d | ||
| 040 | _cJMCFI - Learning Resource Center | ||
| 100 |
_aDe Las Peñas Ma. Louise Antonette N. _922412 |
||
| 245 |
_aMathematic and Anthropological analysis of northern Luzon funeral textile / _cMa, Louise Antonette N. De Las Peñas, Analyn V. Salvador- Amores. |
||
| 260 |
_aManila: _bDepartment of Science and Technology(DOTS), _c2016. |
||
| 504 | _aIncludes bibliographic references. | ||
| 650 |
_aMathematica anthropological _xresearch. _922413 |
||
| 650 |
_aIndigenous textile _xquantitative research, _znorthern luzon, philippines. _922414 |
||
| 650 |
_aFuneral textile _xquantitative resaerch _zphilippines. _922415 |
||
| 650 |
_aSymmetry analysis indigenous weaving _xquantitative research. _922416 |
||
| 650 |
_aMathematical crystallography _xquantitative research. _922417 |
||
| 650 |
_aTextile patterns, cultural heritage _xquantitative research. _922418 |
||
| 700 |
_aSalvador-Amores, Analyn V. _922419 |
||
| 773 |
_g; volume 145 number 1 , (2016) , pages 89-107 _tPhilippine journal of science |
||
| 942 | _cPER. | ||
| 999 |
_c6562 _d6562 |
||